Elenca la formazione - Quiz n°94 - Statistics

Statistiche generali
  • Questo quiz è stato fatto 114 volte
  • Il punteggio medio è 10 su 11
Statistiche sulle risposte
Ruolo Nazione Calciatore % Corretto
Ala Portogallo Cristiano Ronaldo
100%
Attaccante Francia Karim Benzema
100%
Portiere Spagna Iker Casillas
98%
Difensore Spagna Sergio Ramos
98%
Difensore Portogallo Pepe
94%
Ala Argentina Ángel Di María
89%
Trequartista Germania Mesut Özil
87%
Centrocampista Spagna Xabi Alonso
82%
Centrocampista Germania Sami Khedira
78%
Difensore Portogallo Fábio Coentrão
70%
Difensore Spagna Álvaro Arbeloa
55%
Nessun quiz corrispondente trovato
Distribuzione punteggi
Percentuale di utenti per punteggio
Percentile per numero di risposta
I tuoi punteggi nel tempo
Non hai fatto questo quiz